Which One Is Longer? Quiz Stats

 Plays Quiz Updated Aug 7, 2015

Challenge
Share
Tweet
Embed
Score 0/25 Timer 06:00
4 Plays Today
Option A Answer % Correct
One mile???
88.6%
War and Peace???
84.4%
A decimeter???
81.3%
Hey Jude, by the Beatles???
78.1%
New York to London by air (JFK-LHR)???
76.2%
The American alligator???
75.1%
World War I???
72.6%
A term in the U.S. Senate???
67.9%
A Nimitz-class aircraft carrier???
61.6%
Harry Potter and the Goblet of Fire (pages)???
61.2%
The Lord's Prayer (words)???
60.1%
The reign of Queen Victoria ???
58.9%
In-A-Gadda-Da-Vida, by Iron Butterfly???
58.4%
Option A Answer % Correct
The distance from home plate to first base in MLB???
57.7%
The full length of the Kentucky Derby???
56.7%
Avatar???
55.1%
Seattle WA to Boston MA, by way of I-90???
54.7%
King Lear???
53.5%
M*A*S*H*'s run on CBS (years) ???
53.4%
Goodfellas???
53.3%
The New York City Subway (route track length)???
51.4%
One cubit???
50.9%
The maximum distance between Earth and Venus???
48.3%
London to Moscow by air (LHR-SVO)???
38.9%
The maximum recorded length of a reticulated python???
38.7%

You're not logged in!

Compare scores with friends on all Sporcle quizzes.
OR
Log In

You Might Also Like...

Show Comments

Extras

Top Quizzes Today


Score Distribution

Your Account Isn't Verified!

In order to create a playlist on Sporcle, you need to verify the email address you used during registration. Go to your Sporcle Settings to finish the process.

Report this User

Report this user for behavior that violates our Community Guidelines.

Details: